000 00868nam a2200265Ia 4500
005 20220317000737.0
008 160601s9999 xx 000 0 und d
020 _a9586392104
100 1 _aLobo Antunes, Antonio
_d1942-
245 1 3 _aEl orden natural de las cosas
_cAntonio Lobo Antunes ; traducción de Mario Merlino
250 _a1a. edición
300 _a529 páginas
_c19 cm
490 _aDebolsillo
650 1 4 _2LEMB
_aNovela portuguesa
_ySiglo XX
650 1 4 _2LEMB
_aLiteratura portuguesa
_ySiglo XX
650 1 4 _2LEMB
_aMuerte en la literatura
700 1 _aMerlino, Mario
_etraductor
_953842
942 _2loc
_cBKLIT
264 _aBogotá
_bDebolsillo
_c2004
336 _atexto
_btxt
_2rdacontent
337 _asin mediación
_bn
_2rdamedia
338 _avolumen
_bnc
_2rdacarrier
040 _aCO-BoRNBP
_bspa
_erda
_cCO-BoRNBP
084 _aN LOB3
999 _c4934
_d4934